00345 a2200109 4500001001000000005001700010008004100027245008000068100001900148773005100167999001700218ART_4331120260410161708.0260409a 10aReintegro del IVA a los servicios de alojamiento a los turistas extranjeros1 aSerra, Marcelo0 tRevista Impuestosg- NÂș 4 (abr. 2017)wREV639 c15859d15859